000 00993nam a22003257a 4500
003 OSt
005 20260601193900.0
008 260505b1994 si a|||| |||| 00| 0 jpn d
020 _a4897371929
040 _aICI
_bspa
_cICI
041 _ajpn
050 _aNC1002
_bA43 1994
100 1 _aAkase, Tatsuko,
_eautor
_933632
245 1 _aPublic signs /
_cTatsuko Akase, Yasuo Yokota.
264 _aTokyo :
_bRikuyo-sha,
_c1994
300 _a237 páginas :
_bIlustraciones
336 _2rdacontent
_atexto
337 _2rdamedia
_asin mediación
338 _2rdacarrier
_avolumen
490 _aDesigning sign s;
_v1
500 _aObra ilustrada sobre diseño y sistemas de señalización pública
650 _aSeñalización pública
_933633
650 _aDiseño gráfico.
650 _aComunicación visual.
650 _aSeñales y símbolos.
650 _aDiseño ambiental
655 _2local
_aLibros ilustrados
700 1 _aYokota, Yasuo.
_eautor
_933638
942 _2lcc
_cB
_n1
999 _c22184
_d22184